| 000 -ლიდერი |
| ფიქსირებული სიგრძის საკონტროლო ველი |
00851nam a2200217Ia 4500 |
| 001 - საკონტროლო ნომერი |
| საკონტროლო ველი |
6850 |
| 003 - საკონტროლო ნომრის იდენტიფიკატორი |
| საკონტროლო ველი |
GE_BSU |
| 005 - ბოლო ოპერაციის თარიღი და დრო |
| საკონტროლო ველი |
20200115155124.0 |
| 008 - ფიქსირებული სიგრძის მონაცემთა ელემენტები - ზოგადი ინფორმაცია |
| ფიქსირებული სიგრძის საკონტროლო ველი |
181216s1949||||ge |||||||||||||| ||g || |
| 040 ## - კატალოგიზაციის წყარო |
| Transcribing agency |
GE_BSU |
| 041 ## - ენის კოდი |
| Language code of text/sound track or separate title |
geo |
| 080 ## - უნივერსალური ათობითი კლასიფიკაციის ინდექსი |
| Universal Decimal Classification number |
821.353.1-32 გ-61 |
| 100 ## - მთავარი ჩანაწერი - პიროვნების სახელი |
| Personal name |
გოგოლაძე, თენგიზ. |
| 9 (RLIN) |
6132 |
| 245 ## - ცნობა სათაურის შესახებ |
| Title |
გარიყულას განთიადი : |
| Remainder of title |
მოთხრობა / |
| Statement of responsibility, etc |
თენგიზ გოგოლაძე ; რედ. ს. ჩიქოვანი. |
| 264 ## - წარმოების, გამოცემის, დისტრიბუციის და სხვა ცნობები |
| გამოცემის, წარმოების, დისტრიბუციის... ადგილი |
თბილისი : |
| გამოცემის, წარმოების, დისტრიბუციის... სახელწოდება |
საბჭ.მწერალი, |
| გამოცემის, წარმოების, დისტრიბუციის... თარიღი |
1949. |
| 300 ## - ფიზიკური აღწერა |
| Extent |
182 გვ. ; |
| Dimensions |
15 სმ. |
| 653 ## - INDEX TERM--UNCONTROLLED |
| Uncontrolled term |
გარიყულას განთიადი |
| 653 ## - INDEX TERM--UNCONTROLLED |
| Uncontrolled term |
მოთხრობა |
| 700 ## - ADDED ENTRY--PERSONAL NAME |
| Personal name |
ჩიქოვანი, ს. |
| Relator term |
რედაქტორი |
| 9 (RLIN) |
3719 |
| 942 ## - ADDED ENTRY ELEMENTS (KOHA) |
| Koha item type |
წიგნი |
| Source of classification or shelving scheme |
|